000 00638nam a2200277Ia 4500
005 20260324143846.0
008 008 260324s9999 xx 000 0 eng d
020 _a9780203991138
037 _aEBOOK
040 _aCRL
040 _beng
040 _cCRL
041 _2eng
041 _aeng
084 _qCRL
100 _aColin Mellors; Nigel Copperthwaite
_91217196
245 0 _aRegional Policy
260 _bTaylor and Francis
260 _c1990
365 _a
365 _b300
856 _uhttp://www.taylorfrancis.com/books/9780203991138
942 _cEBOOK
999 _c1823079
_d1823079